Countries without an A or E in their name. - Statistics

General Stats
  • This quiz has been taken 51 times
  • The average score is 6 of 8
Answer Stats
Answer % Correct
Fiji
84%
Togo
82%
Kosovo
78%
Morocco
76%
Djibouti
71%
Burundi
64%
Comoros
64%
Cyprus
60%
No matching quizzes found
Score Distribution
Percent of People with Each Score
Percentile by Number Answered
Your Score History
You have not taken this quiz